| 000 | 01078nac a22002897a 4500 | ||
|---|---|---|---|
| 001 | BR0902399 | ||
| 003 | BR-BrBNA | ||
| 005 | 20240105123742.0 | ||
| 008 | 230509b bl.|||m| |||| 00| 0 por d | ||
| 040 |
_aBR-BrBNA _bpor _cBiblioteca Nacional de Agricultura |
||
| 072 | _aE10 | ||
| 090 | _aE10 BR0902399 | ||
| 100 | 1 | _aColle, C.A. | |
| 110 | 1 | _aAssociação Riograndense de Empreendimentos de Assistência Técnica e Extensão Rural, Porto Alegre, RS (Brasil) | |
| 245 | 1 | _aNegociações muiltilaterais e políticas agrícolas dos Estados Unidos, União Européia e Brasil | |
| 260 | 3 |
_aPorto Alegre, RS (Brasil): _c2008. |
|
| 300 | _a167 p. | ||
| 490 |
_aRealidade Rural - Associação Riograndense de Empreendimentos de Assistência Técnica e Extensão Rural (Brazil) _vno. 51 _xISSN 1803-0219 |
||
| 500 | _a12 tables; 6 illus.; Bibliography | ||
| 650 | _aPOLÍTICA AGRÍCOLA | ||
| 650 | _aCRÉDITO RURAL | ||
| 650 | _aCOMERCIO EXTERIOR | ||
| 650 | _aSAFRA | ||
| 650 | _aPRODUTO | ||
| 909 |
_a202312 _bLúcia Elande _c55 _dLúcia Elande |
||
| 942 |
_2AGRIS _n0 _cMS |
||
| 999 |
_c296847 _d296847 |
||